Focus sur: Hermione Granger - Harry Potter - Statistiques

Statistiques générales
  • Ce quiz a été pris 5 033 fois
    2 105 depuis la dernière actualisation
  • Le résultat moyen est 13 sur 17
Statistiques - réponses
Informations recherchées Réponses % Correct
Ecole fréquentée Poudlard
99%
Epoux Ronald Weasley
98%
Espèce de l'animal de compagnie Chat
96%
Statut du sang Née-Moldu
96%
Lieu de rencontre avec Harry Potter Poudlard Express
96%
Actrice l'interprétant dans les films Emma Watson
94%
Couleur des cheveux Brun
93%
Profession des parents Dentiste
91%
Maison fréquentée Gryffondor
91%
Nom de l'animal de compagnie Pattenrond
82%
Patronus Loutre
79%
Première apparition Harry Potter à l'école des sorciers
78%
Fille Rose Granger-Weasley
67%
Profession (adulte) Ministre de la Magie
66%
Fils Hugo Granger-Weasley
54%
Intérieur de la baguette Ventricule de cœur de dragon
44%
Bois de la baguette Vigne
14%
Aucun quiz correspondant
Distribution des résultats
% des personnes avec chaque résultat
Percentile par nombre de réponses
Votre historique - résultats
Vous n’avez pas pris ce quiz depuis la dernière actualisation